| 000 | 00674nmm a2200193Ia 4500 | ||
|---|---|---|---|
| 008 | 251105s9999||||xx |||||||||||||||||und|| | ||
| 020 | _a9788497492430 | ||
| 041 | _aspa | ||
| 100 | _aRomero Portilla, Paz | ||
| 245 | 0 |
_aDe culturas, lenguas y tradiciones : _b II Simposio de Estudios Humanísticos (Ferrol, 14-16 noviembre de 2006) |
|
| 264 |
_a[Madrid, España] : _bUniversidade da Coruña, _c2007 |
||
| 300 | _a297 páginas | ||
| 490 | _aCursos, congresos e simposios | ||
| 650 | _aFolklore & Popular Culture | ||
| 700 | _aRomero Portilla, Paz | ||
| 700 | 1 | _a García Hurtado, Manuel Reyes | |
| 856 | _uhttps://public.digitaliapublishing.com/a/1100 | ||
| 942 | _cCF | ||
| 999 |
_c70731 _d70731 |
||